000 00322 a2200133 4500
000 nam a22 7a 4500
100 _aSachan, Amit
110 _aSachan, Amit
245 _aBusiness Statistics Using Python
250 _aLatest edition
260 _bMcGraw Hill
_c2025
264 _bMcGraw Hill
_c2025
942 _cBK
999 _c396985
_d396985